Paesi per confine # 3 - Statistics

Statistiche generali
  • Questo quiz è stato fatto 183 volte
  • Il punteggio medio è 16 su 20
Statistiche sulle risposte
confini terrestri paese % Corretto
Cina, Russia Mongolia
98%
Russia, Finlandia, Svezia Norvegia
97%
Italia San Marino
94%
Italia Città del Vaticano
92%
Cina, India Nepal
91%
Brasile, Argentina, Bolivia Paraguay
89%
Sudan, Gibuti, Etiopia Eritrea
87%
Italia, Austria, Ungheria, Croazia Slovenia
87%
Mauritania, Spagna, Algeria Marocco
85%
Romania, Ucraina Moldavia
84%
Arabia Saudita, Oman Yemen
80%
Cina, India Bhutan
78%
Guyana, Brasile, Francia Suriname
78%
Sud Africa, Mozambico Swaziland
73%
Honduras, Guatemala El Salvador
71%
Indonesia Papua Nuova Guinea
70%
Indonesia Timor-Leste
66%
Arabia Saudita, Oman Emirati Arabi Uniti
65%
Camerun, Gabon Guinea Equatoriale
55%
Zambia, Tanzania, Mozambico Malawi
53%
Nessun quiz corrispondente trovato
Distribuzione punteggi
Percentuale di utenti per punteggio
Percentile per numero di risposta
I tuoi punteggi nel tempo
Non hai fatto questo quiz